Ruský plyn má v EU dostat stopku do konce roku 2027
Európska komisia v júni predložila ambiciózny návrh na postupné zastavenie dovozu ruského zemného plynu a skvapalneného zemného plynu (LNG) do EÚ, ktorý má úplne nadobudnúť účinnosť do konca roka 2027. Návrh vychádza z plánu REPowerEU, ktorého cieľom je znížiť energetickú závislosť EÚ na Rusku a pos...
Salvato in:
| Autore principale: | |
|---|---|
| Natura: | Capitolo di libro |
| Lingua: | ceco |
| Soggetti: | |
| Tags: |
Nessun Tag, puoi essere il primo ad aggiungerne!!
|
MARC
| LEADER | 00000naa a2200000 4500 | ||
|---|---|---|---|
| 001 | 0312869 | ||
| 005 | 20251017124949.3 | ||
| 041 | 0 | |a cze | |
| 044 | |a CZ | ||
| 245 | 1 | 0 | |a Ruský plyn má v EU dostat stopku do konce roku 2027 |c Zdeněk Liška |
| 520 | |a Európska komisia v júni predložila ambiciózny návrh na postupné zastavenie dovozu ruského zemného plynu a skvapalneného zemného plynu (LNG) do EÚ, ktorý má úplne nadobudnúť účinnosť do konca roka 2027. Návrh vychádza z plánu REPowerEU, ktorého cieľom je znížiť energetickú závislosť EÚ na Rusku a posilniť energetickú bezpečnosť a nezávislosť EÚ. Ďalším cieľom je taktiež prerušiť tok peňazí, ktoré môžu podporovať ruskú armádu. Návrh počíta taktiež s právnou ochranou proti možným ruským žalobám kvôli predčasne zrušeným kontraktom. | ||
| 610 | 2 | 0 | |a plyn |
| 610 | 2 | 0 | |a dovoz |
| 610 | 2 | 0 | |a závislosť energetická |
| 610 | 2 | 0 | |a bezpečnosť energetická |
| 610 | 2 | 0 | |a Rusko |
| 610 | 2 | 0 | |a Európska únia |
| 100 | 1 | |a Liška, Zdeněk | |